00616 2200217 4500001002100000005001500021035002000036007000300056008004100059020002100100082000800121084001400129100002200143245010000165250001100265260004300276300003000319650002900349990001000378990001000388INLIS00000000001205820260512085151 a0010-0526000001ta260512 g 0 ind  a62-2074-4254-378 a814 a814 DIO d0 adiorama situbondo1 aDiorama situbondo :bkumpulan esai pariwisata dan kuliner situbondo /cAgus Miftahorrahman, dkk aCet. 1 aSitubondo :bBashish Publishing,c2025 aviii, 142 hlm ;c20x14 cm 4aEsai Indonesia--Kumpulan a58295 a58296